000 00389cam a22000977a 4500
008 180718b1968 xxu||||| |||| 00| 0 eng d
245 _aIndian standard guide for preparation of manuscript of an article in a learned periodical
_cby Indian Standrads Institution, India
260 _aNew Delhi
_bIndian Standrads Institution
_c1968
300 _a13p.
700 _aIndia.Indian Standrads Institution
999 _c498208
_d498208